[Event "Czech Open GMA"]
[Site "Pardubice CZE"]
[Date "2007.07.21"]
[Round "2"]
[White "Vrana,J"]
[Black "Ismagambetov,An"]
[Result "0-1"]
[WhiteElo "2271"]
[BlackElo "2479"]

1.e4 c5 2.c3 Nf6 3.e5 Nd5 4.d4 cxd4 5.Nf3 e6 6.cxd4 b6 7.Bc4 Ba6 8.Bxd5 exd5
9.Nc3 Bb4 10.Bd2 Bxc3 11.Bxc3 O-O 12.Qd2 Nc6 13.O-O-O Qe7 14.h4 Rfc8 15.Kb1 Rab8
16.Rh3 h6 17.g4 Qe6 18.Rg3 b5 19.b4 Ne7 20.h5 Rc4 21.Nh4 d6 22.exd6 Qxd6
23.g5 Bc8 24.gxh6 Qf6 25.Rxg7+ Kh8 26.Qd3 Bf5 27.Nxf5 Nxf5 28.Rg4 Nxh6 29.Rg3 Re8
30.Rf3 Qg7 31.a3 Re4 32.Re3 Qg4 33.f3 Rxe3 34.Qxe3 Qxh5 35.Kb2 Kh7 36.Rd2 a6
37.Rg2 Rc6 38.Qf4 Qf5 39.Qxf5+ Nxf5 40.Rg5 Ne3 41.Kb3 Rf6 42.Bd2 Nc4 43.Bc3 Rxf3
44.Rxd5 Nb6 45.Rc5 Na4 46.Rc7 Kg7 47.d5+ Kf8 48.d6 Ke8 49.Kc2 Rxc3+  0-1

[Event "29th Politiken Cup"]
[Site "Copenhagen DEN"]
[Date "2007.07.22"]
[Round "2"]
[White "Struch,T"]
[Black "Bulski,K"]
[Result "0-1"]
[WhiteElo "2084"]
[BlackElo "2396"]

1.e4 c5 2.c3 Nf6 3.e5 Nd5 4.d4 cxd4 5.cxd4 d6 6.Nf3 Nc6 7.Bc4 Nb6 8.Bb5 dxe5
9.Nxe5 Bd7 10.Nxd7 Qxd7 11.Nc3 Rd8 12.Be3 e6 13.Qg4 a6 14.Bxc6 Qxc6 15.O-O Nd5
16.Rac1 Nf6 17.Qe2 Be7 18.Rfd1 Nd5 19.Qg4 g6 20.Bg5 Bxg5 21.Qxg5 O-O 22.Nxd5 Qxd5
23.Qxd5 Rxd5 24.Rc7 b5 25.Rc6 a5 26.Rc5 Rfd8 27.Rxd5 Rxd5 28.f4 g5 29.fxg5 Rxg5
30.Kf2 Kf8 31.g3 Ke7 32.Ke3 h5 33.Rf1 f5 34.Rf2 Rg4 35.Rc2 h4 36.gxh4 Re4+
37.Kd3 Rxh4 38.Rc5 Rh3+ 39.Kc2 Rxh2+ 40.Kc1 f4 41.Rxb5 f3 42.Rb7+ Kd6 43.Rf7 Rf2
44.b3 Kd5 45.Rf4 Rxa2 46.Rxf3 Kxd4 47.Rf6 e5 48.Kd1 e4 49.Rf5 Kd3 50.Rd5+ Ke3
51.Rf5 Ra1+ 52.Kc2 Ke2 53.Kb2 Rh1 54.Rxa5 e3 55.Kc2 Kf3 56.Rf5+ Ke4 57.Rf8 e2
58.Re8+ Kf3 59.Kd3 e1=Q 60.Rxe1 Rxe1 61.b4 Re4 62.Kc3 Kf4  0-1

[Event "29th Politiken Cup"]
[Site "Copenhagen DEN"]
[Date "2007.07.22"]
[Round "3"]
[White "Nielsen,LA"]
[Black "Ziska,H"]
[Result "0-1"]
[WhiteElo "2232"]
[BlackElo "2392"]

1.e4 c5 2.c3 Nf6 3.e5 Nd5 4.Nf3 Nc6 5.d4 cxd4 6.Bc4 Nb6 7.Bb3 d6 8.exd6 e6
9.Nxd4 Bxd6 10.Nb5 Bc5 11.Qxd8+ Kxd8 12.O-O a6 13.Rd1+ Ke7 14.Nd4 Bxd4 15.cxd4 Rd8
16.Be3 Nb4 17.Nc3 N4d5 18.Nxd5+ Nxd5 19.Bxd5 Rxd5 20.Rac1 Bd7 21.Rc5 Rxc5
22.dxc5 f6 23.f4 Bc6 24.Rd2 h6 25.h4 h5 26.a3 a5 27.Bd4 a4 28.Bc3 Kf7 29.Rd6 Re8
30.Kf2 Kg6 31.g3 Kf5 32.Rd3 Kg4 33.Re3 Bb5 34.Ba5 Re7 35.b3 axb3 36.Rxb3 Bc6
37.Re3 Kf5 38.Re2 Kg4 39.Re3 e5 40.fxe5 fxe5 41.Bc3 e4 42.Bd2 Re5 43.Bc3 Rf5+
44.Ke1 g5 45.hxg5 Rxg5 46.Ba5 Rxc5 47.Bc7 Rc2 48.Bd6 Kf5 49.Bf8 Bb5 50.Kd1 Bd3
51.Bb4 Ke5 52.Re1 Kd4 53.Be7 e3  0-1

[Event "29th Politiken Cup"]
[Site "Copenhagen DEN"]
[Date "2007.07.22"]
[Round "3"]
[White "Andersen,Ru2"]
[Black "Teplyi,I"]
[Result "0-1"]
[WhiteElo "2016"]
[BlackElo "2219"]

1.e4 c5 2.c3 Nf6 3.e5 Nd5 4.d4 cxd4 5.Nf3 Nc6 6.Bc4 Nb6 7.Bb3 d5 8.exd6 e6
9.cxd4 Bxd6 10.O-O Be7 11.Nc3 O-O 12.Bf4 Nb4 13.Re1 N6d5 14.Bg3 b6 15.a3 Nxc3
16.bxc3 Nd5 17.Ne5 Bb7 18.Qf3 b5 19.a4 a6 20.Bc2 g6 21.Rab1 Qc8 22.Ng4 Qxc3
23.Bd3 h5 24.Nh6+ Kg7 25.Nxf7 Rxf7 26.Be5+ Bf6 27.Qg3 Ne7 28.Rec1 Qa3 29.Rc7 Bd5
30.Rxe7 Qxe7 31.Bd6 Qxd6 32.Qxd6 Bxd4 33.axb5 Rxf2 34.Qb4 Rxg2+ 35.Kf1 Rf8+
36.Ke1 Bf2+ 37.Kd1 Bf3+ 38.Be2 Bxe2+ 39.Kxe2 Bc5+  0-1

[Event "Siberia B"]
[Site "Novosibirsk RUS"]
[Date "2007.07.22"]
[Round "3"]
[White "Danilyuk,O"]
[Black "Tashimova,N"]
[Result "1/2-1/2"]
[WhiteElo "2075"]
[BlackElo "2094"]

1.e4 c5 2.c3 Nf6 3.e5 Nd5 4.Nf3 e6 5.d4 cxd4 6.cxd4 b6 7.Nc3 Nxc3 8.bxc3 Qc7
9.Bd2 Bb7 10.Bd3 d6 11.O-O Nd7 12.Re1 dxe5 13.Nxe5 Nxe5 14.Rxe5 Bd6 15.Rh5 Bf4
16.Bb5+ Kf8 17.Bd3 g6 18.Rh4 Bxd2 19.Qxd2 h5 20.Be4 Bxe4 21.Rxe4 Kg7 22.Rae1 Rac8
23.R1e3 Rhd8 24.Re5 Qc4 25.h3 Rd5 26.Rf3 Rxe5 27.dxe5 Qc7 28.Qf4 Qe7 29.Rd3 b5
30.Qd2 Rc7 31.Rd4 Qa3 32.Qg5 Qe7 33.Qd2 Qc5 34.Qg5 Qe7 35.Qd2 Qc5 36.Qg5 Qe7  1/2-1/2

[Event "Czech Open GMA"]
[Site "Pardubice CZE"]
[Date "2007.07.22"]
[Round "3"]
[White "Sveshnikov,V"]
[Black "Vovk,A"]
[Result "0-1"]
[WhiteElo "2378"]
[BlackElo "2504"]

1.e4 c5 2.c3 Nf6 3.e5 Nd5 4.Nf3 Nc6 5.Bc4 Nb6 6.Bb3 c4 7.Bc2 Qc7 8.Qe2 g5
9.h3 Bg7 10.O-O Nxe5 11.Nxg5 d5 12.Re1 h6 13.Nf3 Nc6 14.d4 Be6 15.Nh4 O-O-O
16.Bf5 Bxf5 17.Nxf5 Bf8 18.Qg4 e6 19.Nh4 Bd6 20.Nf3 h5 21.Qh4 Ne7 22.Qg5 Rdg8
23.Qd2 Rg7 24.Kh1 Rhg8 25.Rg1 f6 26.Na3 a6 27.Nc2 e5 28.dxe5 fxe5 29.Ne3 e4
30.Nd4 Qd7 31.Qd1 h4 32.Ng4 Bc7 33.Ne2 Rf7 34.Be3 Qd6 35.g3 hxg3 36.fxg3 Rh7
37.Kg2 Qd7 38.Rh1 Nf5 39.Qd2 Qf7 40.Bf4 e3 41.Qc2 Nh4+ 42.Kh2 d4 43.Nxd4 Bxf4
44.gxf4 Qxf4+ 45.Kg1 Rxg4+ 46.hxg4 Rh6  0-1

[Event "29th Politiken Cup"]
[Site "Copenhagen DEN"]
[Date "2007.07.23"]
[Round "4"]
[White "Christensen,Janu"]
[Black "Svanholm,B"]
[Result "1-0"]
[WhiteElo "2137"]
[BlackElo "1977"]

1.e4 c5 2.c3 Nf6 3.e5 Nd5 4.d4 cxd4 5.cxd4 d6 6.Nf3 Nc6 7.Bd3 Bg4 8.Qb3 Bxf3
9.gxf3 Nb6 10.e6 fxe6 11.Be3 Qd7 12.Nc3 O-O-O 13.d5 Nxd5 14.Nxd5 exd5 15.Rc1 Kb8
16.Bb5 Rc8 17.Qxd5 e6 18.Qb3 d5 19.Rg1 e5 20.Rg5 d4 21.Bd2 Bd6 22.Qd5 Rhd8
23.Kd1 g6 24.Ba5 Bc7 25.Qxd7 Rxd7 26.Bxc6 bxc6 27.Bxc7+ Rcxc7 28.Rxe5 Rf7
29.Ke2 Rf4 30.Re4 Rxe4+ 31.fxe4 Kc8 32.Kd3 c5 33.a3 a5 34.f4 Kd7 35.e5 Ke6
36.b4 axb4 37.axb4 Kd5 38.Rc4 Rc6 39.bxc5 Rxc5 40.Rxd4+ Ke6 41.Ke4 Rc1 42.Rd6+ Kf7
43.Rd7+ Kg8 44.e6 Re1+ 45.Kd5 h6 46.Kd6 Kf8 47.Rd8+ Kg7 48.e7 Rd1+ 49.Kc5 Rc1+
50.Kd4  1-0

[Event "29th Politiken Cup"]
[Site "Copenhagen DEN"]
[Date "2007.07.23"]
[Round "4"]
[White "Nohr,F"]
[Black "Hirneise,T"]
[Result "0-1"]
[WhiteElo "2088"]
[BlackElo "2293"]

1.e4 c5 2.c3 Nf6 3.e5 Nd5 4.Nf3 Nc6 5.Bc4 Nb6 6.Bb3 c4 7.Bc2 Qc7 8.Qe2 g5
9.Nxg5 Qxe5 10.d4 cxd3 11.Bxd3 Qxe2+ 12.Bxe2 h6 13.Nf3 e5 14.Nbd2 d5 15.Nb3 Be6
16.Bb5 Nd7 17.O-O a6 18.Be2 a5 19.Re1 a4 20.Nbd2 e4 21.Nh4 Be7 22.g3 Bxh4
23.gxh4 Rg8+ 24.Kh1 Bh3 25.Bf1 Bxf1 26.Nxf1 Nce5 27.Ng3 Nf3 28.Rd1 Nf6 29.h5 Rg4
30.Kg2 Rh4 31.h3 O-O-O 32.Be3 Rg8 33.c4 Rxh5 34.Bd4 Ne8 35.cxd5 Rxd5 36.Rac1+ Kd7
37.Be3 Rxd1 38.Rxd1+ Ke6 39.Bxh6 Nc7 40.Kf1 f5 41.Nh5 Nb5 42.Bg7 Rc8 43.h4 Nxh4
44.Nf4+ Ke7 45.Rd5 Rc1+ 46.Ke2 Nc7 47.Ra5 Nf3 48.Bc3 b5 49.Ng6+ Kd6 50.a3 Kc5
51.Ne5 Nxe5 52.Bxe5 Kb6 53.Bxc7+ Rxc7 54.Ra8 Rc2+ 55.Ke3 Rxb2 56.Rb8+ Kc7
57.Rf8 Rb3+  0-1

[Event "Sun Pawn Open"]
[Site "Ilichevsk UKR"]
[Date "2007.07.23"]
[Round "4"]
[White "Petrushin,A"]
[Black "Roschupkin,V"]
[Result "0-1"]
[WhiteElo "2474"]
[BlackElo "1992"]

1.e4 c5 2.c3 Nf6 3.e5 Nd5 4.d4 cxd4 5.Nf3 e6 6.cxd4 b6 7.a3 Bb7 8.Bd3 Be7
9.h4 Nc6 10.Nc3 Nxc3 11.bxc3 Qc7 12.Bd2 Na5 13.Kf1 Bd5 14.Ng5 h5 15.Ne4 Nc4
16.Bg5 Nb2 17.Qe2 Nxd3 18.Bxe7 Kxe7 19.Nd6 Qxc3 20.Rb1 Bxg2+ 21.Kg1 Bxh1
22.Kxh1 Qxd4 23.Qf3 Qxh4+  0-1

[Event "29th Politiken Cup"]
[Site "Copenhagen DEN"]
[Date "2007.07.24"]
[Round "5"]
[White "Godena,M"]
[Black "Teplyi,I"]
[Result "1-0"]
[WhiteElo "2547"]
[BlackElo "2219"]

1.e4 c5 2.c3 Nf6 3.e5 Nd5 4.Nf3 Nc6 5.d4 cxd4 6.cxd4 d6 7.Bc4 Nb6 8.Bb5 a6
9.Bxc6+ bxc6 10.Qc2 Qc7 11.O-O g6 12.exd6 Qxd6 13.Bf4 Qxf4 14.Qxc6+ Bd7 15.Qxb6 Bg7
16.Nc3 O-O 17.Nd5 Qd6 18.Qxd6 exd6 19.Nb6 Ra7 20.Nxd7 Rxd7 21.Rfc1 Rb8 22.b3 Bf6
23.Rc4 Rb5 24.Rac1 Rd5 25.Kf1 h5 26.Rd1 Rb7 27.Rd3 a5 28.Ne1 Rdb5 29.Nc2 Kg7
30.Rc6 d5 31.Rc5 Be7 32.Rxb5 Rxb5 33.a4 Rb7 34.Ne3 Rd7 35.Rc3 Bb4 36.Rc6 Kf8
37.Ke2 Ke7 38.Rb6 Rd6 39.Rb5 Ke6 40.Nc2 Bc3 41.Rc5 Bb2 42.Rxa5 Rb6 43.b4 Bc3
44.Rb5 Rxb5 45.axb5 Kd6 46.Kd3 Bb2 47.Ne3 Bc1 48.b6 Bxe3 49.fxe3 f5 50.b5  1-0

[Event "IMA"]
[Site "Dimitrov RUS"]
[Date "2007.07.25"]
[Round "6"]
[White "Liassota,E"]
[Black "Tologontegin,S"]
[Result "0-1"]
[WhiteElo "2241"]
[BlackElo "2320"]

1.e4 c5 2.c3 Nf6 3.e5 Nd5 4.d4 cxd4 5.Nf3 Nc6 6.Bc4 Nb6 7.Bb3 d5 8.exd6 Qxd6
9.Na3 a6 10.cxd4 e6 11.O-O Be7 12.Re1 O-O 13.Be3 Rd8 14.Qd2 Nd5 15.Nc4 Qb8
16.Bc2 b5 17.Nce5 Nxe5 18.Nxe5 Bb7 19.a3 Qd6 20.Qd3 g6 21.Bh6 Rac8 22.Rac1 Nf6
23.Qg3 Nh5 24.Qh3 Nf6 25.Bf4 Qxd4 26.Nxf7 Qxf4 27.Qxe6 Rd2 28.Rf1 Rxf2 29.Rxf2 Qxc1+
30.Rf1 Bc5+  0-1

[Event "Czech Open GMA"]
[Site "Pardubice CZE"]
[Date "2007.07.25"]
[Round "6"]
[White "Majer,J"]
[Black "Smirnov,Arte"]
[Result "1-0"]
[WhiteElo "2284"]
[BlackElo "2410"]

1.e4 c5 2.c3 Nf6 3.e5 Nd5 4.d4 cxd4 5.Nf3 Nc6 6.Bc4 Nb6 7.Bb3 d5 8.exd6 Qxd6
9.O-O Be6 10.Bxe6 Qxe6 11.Nxd4 Nxd4 12.Qxd4 Rd8 13.Qh4 h5 14.Na3 Qg4 15.Qxg4 hxg4
16.Be3 e6 17.Nb5 Rh5 18.Bxb6 axb6 19.a4 Bd6 20.Nxd6+ Rxd6 21.f3 gxf3 22.Rxf3 Rd2
23.Raf1 f6 24.R3f2 Rhd5 25.Rxd2 Rxd2 26.Rf2 Rd1+ 27.Rf1 Rxf1+ 28.Kxf1 Kd7
29.Ke2 Kc6 30.Kd3 b5 31.axb5+ Kxb5 32.b3 Kc5 33.Ke4 Kd6 34.h4 f5+ 35.Kf4 Kd5
36.h5 b6 37.g3 b5 38.c4+ bxc4 39.bxc4+ Kd6 40.Kg5 Kc5 41.Kg6 e5 42.Kxf5 Kd4
43.c5 e4 44.c6 e3 45.c7 e2 46.c8=Q e1=Q 47.Qd7+ Kc5 48.Qxg7 Qf2+ 49.Ke6 Qa2+
50.Kf5 Qf2+ 51.Kg4 Qe2+ 52.Kg5 Qe3+ 53.Kh4 Qe4+ 54.Qg4 Qh1+ 55.Kg5 Kb6 56.Qe6+ Ka5
57.Qe5+ Ka4 58.h6 Kb3 59.g4 Qc1+ 60.Qf4 Qc5+ 61.Kh4 Qd5 62.g5 Qh1+ 63.Kg4 Ka2
64.Qf7+ Kb2 65.h7 Qd1+ 66.Kf5 Qd3+ 67.Kf6 Qd4+ 68.Kg6 Qe4+ 69.Kg7  1-0

[Event "Czech Open GMA"]
[Site "Pardubice CZE"]
[Date "2007.07.25"]
[Round "6"]
[White "Grekh,A"]
[Black "Fink,L"]
[Result "1-0"]
[WhiteElo "2355"]
[BlackElo "2095"]

1.e4 c5 2.c3 Nf6 3.e5 Nd5 4.d4 cxd4 5.Nf3 e6 6.cxd4 d6 7.Nc3 Nxc3 8.bxc3 Nd7
9.Bd3 dxe5 10.dxe5 Qc7 11.O-O Be7 12.Re1 Nc5 13.Bc2 b6 14.Nd4 a6 15.Qg4 Kf8
16.h4 h5 17.Qf4 Kg8 18.Qg3 Bb7 19.Bg5 Bxg5 20.Qxg5 Qd8 21.Qg3 g6 22.Rad1 Qe7
23.Ne2 Rd8 24.Nf4 Rxd1 25.Rxd1 Ne4 26.Nxg6 Nxg3 27.Nxe7+ Kf8 28.Rd8+  1-0

[Event "Open Women Bulgarian Ch"]
[Site "Vratsa BUL"]
[Date "2007.07.25"]
[Round "1"]
[White "Galunova,T"]
[Black "Nikolova,A"]
[Result "0-1"]
[WhiteElo "1832"]
[BlackElo "2234"]

1.e4 c5 2.c3 Nf6 3.e5 Nd5 4.Nf3 e6 5.d4 cxd4 6.cxd4 d6 7.Nc3 Nxc3 8.bxc3 Qc7
9.Qc2 Nd7 10.Bf4 b6 11.Bd3 Bb7 12.O-O Rc8 13.Rac1 h6 14.Rfe1 Bxf3 15.exd6 Bxd6
16.Bxd6 Qxd6 17.gxf3 O-O 18.Kh1 Rc7 19.Qd2 Rfc8 20.Rg1 Kf8 21.Rg2 Nf6 22.Ba6 Rb8
23.Qd3 g6 24.Rcg1 Nd5 25.Rg4 Rxc3 26.Qe2 Nf4 27.Rxf4 Qxf4 28.Bd3 Rbc8 29.Qe4 Qxe4
30.Bxe4 Rc1  0-1

[Event "29th Politiken Cup"]
[Site "Copenhagen DEN"]
[Date "2007.07.26"]
[Round "7"]
[White "Christensen,St"]
[Black "Ziska,H"]
[Result "1/2-1/2"]
[WhiteElo "2280"]
[BlackElo "2392"]

1.e4 c5 2.c3 Nf6 3.e5 Nd5 4.d4 cxd4 5.Nf3 Nc6 6.Bc4 e6 7.cxd4 d6 8.O-O Be7
9.a3 O-O 10.Re1 Bd7 11.Bd3 Rc8 12.Qe2 Na5 13.Ra2 Nb3 14.Bxh7+ Kxh7 15.Qd3+ Kg8
16.Qxb3 Qa5 17.Bd2 Qa4 18.Qxa4 Bxa4 19.Nc3 Bb3 20.Raa1 dxe5 21.dxe5 Rfd8
22.Nd4 Bc4 23.Nxd5 Rxd5 24.Bc3 Bc5 25.Nf3 Rcd8 26.Rac1 Bb5 27.Ng5 Bd4 28.Bxd4  1/2-1/2

[Event "Open NK"]
[Site "Dieren NED"]
[Date "2007.07.26"]
[Round "3"]
[White "Friesen,Bo"]
[Black "Van der Poel,H"]
[Result "1/2-1/2"]
[WhiteElo "2139"]
[BlackElo "2323"]

1.e4 c5 2.c3 Nf6 3.e5 Nd5 4.Nf3 e6 5.Bc4 d6 6.O-O dxe5 7.Nxe5 Bd6 8.d4 Qc7
9.Qe2 O-O 10.Re1 Nd7 11.Na3 a6 12.Nc2 N7f6 13.dxc5 Bxc5 14.Bb3 b5 15.Bg5 Bb7
16.Rad1 h6 17.Bxf6 Nxf6 18.Nd4 Bxd4 19.Rxd4 Rad8  1/2-1/2

[Event "33rd Open"]
[Site "Sitges ESP"]
[Date "2007.07.26"]
[Round "9"]
[White "Cuartas,Ja"]
[Black "De Haan,E"]
[Result "1/2-1/2"]
[WhiteElo "2504"]
[BlackElo "2325"]

1.e4 c5 2.c3 Nf6 3.e5 Nd5 4.Nf3 e6 5.d4 cxd4 6.cxd4 d6 7.a3 Bd7 8.Bd3 Bc6
9.O-O Nd7 10.b4 a6 11.Re1 Rc8 12.Bb2 N7b6 13.Nbd2 Na4 14.Qb3 Nf4 15.Bf1 Nxb2
16.Qxb2 dxe5 17.dxe5 Nd3 18.Bxd3 Qxd3 19.Nd4 Bd5 20.Ne4 Bxe4 21.Re3 Qc4 22.Rxe4 Be7
23.Rae1 Qc3 24.Qxc3 Rxc3 25.R4e3 Rxe3 26.fxe3 Kd7 27.Rf1 Rf8 28.Kf2 f6 29.Ke2 fxe5
30.Nf3 e4 31.Rd1+ Kc7 32.Nd2 Rd8 33.Rc1+ Kd7 34.Nxe4 Rc8 35.Rd1+ Ke8 36.Kf3 Rd8
37.Rc1 Rd3 38.Rc7 Rd7 39.Rc8+ Rd8 40.Rc3 Rd5 41.Rc7 Rd7 42.Rc8+ Rd8 43.Rxd8+ Kxd8
44.Kf4 Kd7 45.Ke5 b6 46.Kd4 Kc6 47.Kc4 Bd8 48.h3 Be7 49.g4 Bd8 50.Nc3 b5+
51.Kd3 Bf6 52.Ne2 Bb2 53.Kc2 Be5 54.e4 Kd6 55.Ng1 g6 56.Nf3 Bf6 57.Kb3 h5
58.Kc2 hxg4 59.hxg4 Bg7 60.Kb3 Bf6 61.a4 Bd8 62.axb5 axb5 63.Kc2 Bf6 64.Kd3 Kc6
65.e5 Be7 66.Ke4 Bxb4 67.Nd4+ Kd7 68.Nxb5 Bd2 69.Nd4 Bg5 70.Ne2 Ke7 71.Kd3 Kd7
72.Kd4 Bd2 73.Kc4 Be3 74.Kb5 Bd2 75.Nd4 Bf4 76.Nf3 Bg3 77.Kc4 Kc7 78.Kd4 Bf4
79.Ke4 Bc1 80.Ne1 Bd2 81.Nd3 Bg5 82.Nf4 Kd7 83.Nh3 Bc1 84.Nf2 Ke7 85.Nd3 Bd2
86.Kd4 Bg5 87.Kc4 Be3 88.Kb5 Bd4 89.Kc6 Bc3 90.Kc7 Bd4 91.Kc6 Bc3 92.Kc5 Bd2
93.Nb4 Be3+ 94.Kc4 Bf4 95.Kd4 Bd2 96.Nc2 Bf4 97.Na3 Bc1 98.Nc4 Bf4 99.Na5 Bc1
100.Nc6+ Kd7 101.Nb4 Ke7 102.Kd3 Bf4 103.Ke4 Bd2 104.Nc6+ Kd7 105.Nd4 Ke7
106.Nf3 Bc1 107.Nh4 Kf7 108.Ng2 Bg5 109.Nf4 Bh6  1/2-1/2

[Event "Open Women Bulgarian Ch"]
[Site "Vratsa BUL"]
[Date "2007.07.26"]
[Round "3"]
[White "Stefanova,M"]
[Black "Barbageorgopoulou,F"]
[Result "1-0"]
[WhiteElo "2018"]
[BlackElo "1792"]

1.e4 c5 2.c3 Nf6 3.e5 Nd5 4.Bc4 Nb6 5.Bb3 Nc6 6.d4 cxd4 7.cxd4 d5 8.exd6 Qxd6
9.Be3 g6 10.Nc3 Bg7 11.Nge2 O-O 12.O-O Rd8 13.Nb5 Qd7 14.a4 Na5 15.Rc1 Nxb3
16.Qxb3 Nd5 17.Nf4 Nxe3 18.fxe3 e6 19.Rc7 Qe8 20.Nd3 a6 21.Rfxf7 Qxf7 22.Rxf7 Kxf7
23.Nc7 Rb8 24.Nc5 Rd6 25.N5xa6 Rc6 26.d5 Rc1+ 27.Kf2 Kf8 28.d6 Rb1 29.Nxb8 Rxb2+
30.Qxb2 Bxb2 31.d7 Bxd7 32.Nxd7+ Ke7 33.Nb6 Be5 34.Nb5 h5 35.h3 g5 36.Kf3  1-0

[Event "29th Politiken Cup"]
[Site "Copenhagen DEN"]
[Date "2007.07.27"]
[Round "8"]
[White "Sylvan,J"]
[Black "Zhao,P"]
[Result "0-1"]
[WhiteElo "2278"]
[BlackElo "2180"]

1.e4 c5 2.c3 Nf6 3.e5 Nd5 4.Bc4 Nb6 5.Bb3 c4 6.Bc2 e6 7.d4 cxd3 8.Qxd3 d6
9.Nf3 Nc6 10.exd6 Qxd6 11.Qe2 Be7 12.O-O Qc7 13.Nbd2 e5 14.Nc4 Nxc4 15.Qxc4 Be6
16.Qa4 h6 17.Re1 O-O 18.Nh4 b5  0-1

[Event "IMA"]
[Site "Dimitrov RUS"]
[Date "2007.07.27"]
[Round "10"]
[White "Liassota,E"]
[Black "Savina,A"]
[Result "0-1"]
[WhiteElo "2241"]
[BlackElo "2209"]

1.e4 c5 2.c3 Nf6 3.e5 Nd5 4.d4 cxd4 5.Qxd4 e6 6.Bc4 Nc6 7.Qe4 d6 8.exd6 Nf6
9.Qh4 Bxd6 10.Nf3 O-O 11.O-O b6 12.Na3 Bb7 13.Bg5 Bxa3 14.bxa3 h6 15.Bc1 Na5
16.Be2 Ne4 17.Qf4 Nxc3 18.Qe5 Qf6 19.Re1 Qxe5 20.Nxe5 Nxe2+ 21.Rxe2 f6 22.Ng6 Rfd8
23.Bb2 Kf7 24.Nh4 Nc4 25.Rae1 Nxb2 26.Rxb2 g5 27.Nf3 Bxf3 28.gxf3 Rac8 29.Re4 Rd1+
30.Kg2 Rcc1 31.Kh3 f5 32.Ra4 Rg1 33.Rxa7+ Kg6 34.Rxb6 Kh5 35.Ra5 Rc3 36.Rb3 g4+  0-1

[Event "Sun Pawn A"]
[Site "Ilichevsk UKR"]
[Date "2007.07.27"]
[Round "7"]
[White "Zernyshkin,V"]
[Black "Pavlov,S2"]
[Result "1/2-1/2"]
[WhiteElo "2159"]
[BlackElo "2415"]

1.e4 c5 2.c3 Nf6 3.e5 Nd5 4.d4 cxd4 5.cxd4 e6 6.Nf3 b6 7.Bc4 Bb7 8.O-O d6
9.Bxd5 Bxd5 10.Nc3 Bxf3 11.Qxf3 d5 12.Qg3 Nc6 13.Be3 Qd7 14.Rac1 Ne7 15.Qf3 Nf5
16.Ne2 Be7 17.Ng3 Nxg3 18.Qxg3 g6 19.Bh6 Rg8 20.Bg5 Qd8 21.Bd2 h5 22.Rc2 Rc8
23.Rfc1 Rxc2 24.Rxc2 Rh8 25.Qc3 Kf8 26.Qc7 Qxc7 27.Rxc7 a5 28.Kf1 Bd8 29.Rd7 Kg7
30.Rb7 Re8 31.Rb8 Rg8 32.Rb7 Re8 33.Rd7 b5 34.Ke2 Bb6 35.Kd3 Rb8 36.Bg5 Kf8
37.h3 b4 38.Rd6 Ke8 39.f3 Bc7 40.Rc6 Kd7 41.Rc1 Bb6 42.Rc2 a4 43.Rc1 b3 44.a3 Rc8  1/2-1/2

[Event "Czech Open GMA"]
[Site "Pardubice CZE"]
[Date "2007.07.27"]
[Round "8"]
[White "Majer,J"]
[Black "Aliavdin,N"]
[Result "0-1"]
[WhiteElo "2284"]
[BlackElo "2403"]

1.e4 c5 2.c3 Nf6 3.e5 Nd5 4.d4 cxd4 5.Nf3 Nc6 6.Bc4 Nb6 7.Bb3 d5 8.exd6 Qxd6
9.O-O Be6 10.Bxe6 Qxe6 11.Nxd4 Nxd4 12.Qxd4 Rd8 13.Qh4 Qe2 14.Be3 Rd1 15.Nd2 Rxd2
16.Bxd2 Qxd2 17.Rfd1 Qh6 18.Qg3 Qc6 19.Rd4 f6 20.Rad1 Kf7 21.Qb8 Nc4 22.b3 Nd6
23.c4 a6 24.Qd8 g6 25.Re1 Rg8 26.a4 e5 27.Rd5 Be7 28.Qa5 b6 29.Qd2 a5 30.g4 g5
31.Rd1 Nb7 32.Qd3 Rg6 33.Rd7 Nc5 34.Ra7 Nxd3  0-1

[Event "Arximiro Penide Cedeira Mem"]
[Site "Arteixo ESP"]
[Date "2007.07.28"]
[Round "3"]
[White "Grana Lois,J"]
[Black "Ivanov,Jo"]
[Result "0-1"]
[WhiteElo "2118"]
[BlackElo "2382"]

1.e4 c5 2.c3 Nf6 3.e5 Nd5 4.d4 cxd4 5.Nf3 e6 6.cxd4 b6 7.Nc3 Nxc3 8.bxc3 Qc7
9.Bd2 Bb7 10.Bd3 d6 11.O-O Nd7 12.Re1 dxe5 13.Nxe5 Nxe5 14.Rxe5 Bd6 15.Rh5 g6
16.Rh3 O-O 17.Qg4 f5 18.Qh4 Rf7 19.Re1 Bd5 20.a4 Bc4 21.d5 exd5 22.Re6 Be5
23.Bxc4 dxc4 24.Re3 Bg7 25.Rh3 Qd7 26.Qxh7+ Kf8 27.Re2 Qxa4 28.Rhe3 Rd8 29.g3 f4
30.gxf4 Qc2 31.Re4 Bxc3 32.Qxg6 Qd1+ 33.Be1 Bxe1 34.Kg2 Qd5 35.f3 Bc3 36.Kf2 Bd4+
37.Kf1 Qf5 38.Qh6+ Bg7 39.Qd6+ Kg8 40.Qxd8+ Rf8 41.Qh4 c3 42.Rg2 Qb5+ 43.Kf2 Qb2+
44.Re2 c2  0-1

[Event "29th Politiken Cup"]
[Site "Copenhagen DEN"]
[Date "2007.07.28"]
[Round "9"]
[White "Vigfusson,V"]
[Black "Palsson,S"]
[Result "1/2-1/2"]
[WhiteElo "2059"]
[BlackElo "1817"]

1.e4 c5 2.c3 Nf6 3.e5 Nd5 4.d4 cxd4 5.Nf3 Nc6 6.Bc4 e6 7.cxd4 Be7 8.O-O d6
9.Bxd5 exd5 10.Nc3 Bg4 11.Re1 dxe5 12.dxe5 d4 13.Nb5 Qa5 14.Nd6+ Bxd6 15.exd6+ Kd7
16.Bf4 Rhe8 17.Qd2 Bxf3 18.Qxa5 Nxa5 19.gxf3 Rxe1+ 20.Rxe1 Re8 21.Rxe8 Kxe8
22.Kf1 Kd7 23.b3 f6 24.Ke2 g5 25.Bd2 Nc6 26.f4 g4 27.Kd3 f5 28.Kc4 Kxd6 29.b4 b5+
30.Kxb5 Kd5 31.Ka6 Kc4 32.b5 Nb4+ 33.Kxa7 Kxb5 34.a4+ Kxa4 35.Kb6 Nd3 36.Kc6 Kb3
37.Kd5 Kc2 38.Ba5 Kd1 39.Kxd4 Ke2 40.Bb6 h5 41.Kd5 Kf3 42.Kd4 Nxf4 43.Ke5 Nd5
44.Kxd5 f4 45.Ke5 h4 46.Kf5 g3 47.fxg3 fxg3 48.hxg3 h3 49.Bg1 Kxg3 50.Kg5 Kg2
51.Kg4 Kxg1 52.Kxh3  1/2-1/2

[Event "29th Politiken Cup"]
[Site "Copenhagen DEN"]
[Date "2007.07.28"]
[Round "9"]
[White "Godena,M"]
[Black "Ziska,H"]
[Result "1-0"]
[WhiteElo "2547"]
[BlackElo "2392"]

1.e4 c5 2.c3 Nf6 3.e5 Nd5 4.Nf3 Nc6 5.Bc4 e6 6.d4 cxd4 7.cxd4 d6 8.O-O Be7
9.Qe2 O-O 10.Qe4 Bd7 11.exd6 Bxd6 12.Bxd5 exd5 13.Qxd5 Bg4 14.Nc3 Bxf3 15.Qxf3 Qh4
16.g3 Nxd4 17.Qxb7 Qh5 18.Kg2 Rfe8 19.Bd2 Rab8 20.Qd5 Qxd5+ 21.Nxd5 Rxb2
22.Bc3 Rb5 23.Bxd4 Rxd5 24.Bxa7 Ra8 25.Rad1 Rxd1 26.Rxd1 Rxa7 27.Rxd6 h5
28.Rd2 Ra3 29.Kf1 Kh7 30.Ke2 Kg6 31.Kd1 Kf5 32.Kc1 Ke4 33.Kb2 Ra7 34.Kb3 g5
35.a4 f5 36.Kb4 f4 37.a5 Kf3 38.Kb5 Kg2 39.gxf4 gxf4 40.h4 Kh3 41.Kb6 Rf7
42.a6 Kxh4 43.a7 Rxa7 44.Kxa7 Kg4 45.Kb6 h4 46.Kc5 h3 47.Kd4 Kf3 48.Rd3+ Kg2
49.f3 h2 50.Rd2+ Kg3 51.Rxh2 Kxh2 52.Ke5  1-0

[Event "Open NK"]
[Site "Dieren NED"]
[Date "2007.07.28"]
[Round "5"]
[White "Friesen,Bo"]
[Black "Op den Kelder,J"]
[Result "1-0"]
[WhiteElo "2139"]
[BlackElo "2247"]

1.e4 c5 2.c3 Nf6 3.e5 Nd5 4.Nf3 e6 5.Bc4 d6 6.d4 Nb6 7.Bb3 cxd4 8.cxd4 dxe5
9.Nxe5 Nc6 10.Nxc6 bxc6 11.O-O Ba6 12.Re1 Be7 13.Nc3 O-O 14.Bf4 Bc4 15.Bc2 Bd5
16.Re3 g6 17.Rh3 Bf6 18.Qg4 Re8 19.Re1 Qe7 20.Be5 Nd7 21.Qf4 Bxe5 22.dxe5 Rab8
23.Qh6 Nf8 24.Qc1 Qb4 25.Bb3 a5 26.Na4 Rb5 27.a3 Qg4 28.Rg3 Qd4 29.Bd1 Bc4
30.Rg4 Rxe5 31.Rxe5 Qxe5 32.Qxc4 Rd8 33.Qe2 f5 34.Rc4 Qb5 35.Rc1  1-0

[Event "Czech Open GMA"]
[Site "Pardubice CZE"]
[Date "2007.07.28"]
[Round "9"]
[White "Milisits,R"]
[Black "Gjuran,D"]
[Result "1/2-1/2"]
[WhiteElo "2238"]
[BlackElo "2332"]

1.e4 c5 2.c3 Nf6 3.e5 Nd5 4.d4 cxd4 5.Nf3 e6 6.cxd4 b6 7.Nc3 Nxc3 8.bxc3 Qc7
9.Bd2 Be7 10.Bd3 Na6 11.Qe2 Bb7 12.O-O O-O 13.Bg5 f6 14.exf6 Bxf6 15.Bxf6 Rxf6
16.Ne5 Rc8  1/2-1/2

[Event "Open Women Bulgarian Ch"]
[Site "Vratsa BUL"]
[Date "2007.07.28"]
[Round "5"]
[White "Galunova,T"]
[Black "Petkova,V"]
[Result "0-1"]
[WhiteElo "1832"]
[BlackElo "1966"]

1.e4 c5 2.c3 Nf6 3.e5 Nd5 4.Nf3 e6 5.d4 cxd4 6.cxd4 d6 7.Nc3 Nxc3 8.bxc3 Qc7
9.Bd2 Nd7 10.exd6 Bxd6 11.Bd3 Nf6 12.O-O O-O 13.Re1 b6 14.Ne5 Bb7 15.Rc1 h6
16.Qe2 Rfd8 17.Qe3 Bxe5 18.Qxe5 Qxe5 19.Rxe5 Rac8 20.f3 Bd5 21.a3 Bc4 22.Bc2 Rd5
23.Rxd5 Nxd5 24.Kf2 b5 25.Rb1 Nb6 26.Ke3 a6 27.Bb3 Nd5+ 28.Kf2 Kf8 29.Bxc4 Rxc4
30.Rc1 Ra4 31.Ra1 Ke7 32.Ke2 Kd6 33.Kd3 Kc6 34.Kc2 Nb6 35.Kb3 Rc4 36.Re1 a5
37.g4 a4+ 38.Kb2 Nd7 39.h4 Kd5 40.f4 Rc8 41.Kc2 f6 42.Rb1 Kc6 43.Re1 Kd5
44.Rb1 Rb8 45.g5 h5 46.Rb4 e5 47.gxf6 gxf6 48.fxe5 fxe5 49.dxe5 Ke6 50.Bf4 Rf8
51.Kd3 Nc5+ 52.Ke3 Rd8 53.Rxb5 Rd3+ 54.Ke2 Rxc3 55.Bd2 Rc4 56.Bb4 Nd7 57.Ra5 Rxh4
58.Rxa4 Nxe5 59.Ra6+ Kf7 60.Bd6 Re4+ 61.Kf2 Ng4+ 62.Kg3 Nf6 63.a4 Re6 64.Ra7+ Kg6
65.Bb4 Re3+ 66.Kg2 h4 67.Bd6 h3+ 68.Kh1 Ng4 69.Bb4 Rf3 70.Ra6+ Kf7 71.Ra7+ Kg6
72.Ra6+ Kh5 73.Ra5+ Kh4 74.Be1+ Nf2+ 75.Kg1 Rg3+ 76.Kxf2 h2 77.Ke2 h1=Q 78.Bxg3+ Kxg3
79.Kd3 Qc6 80.Rb5 Qa6 81.Kc4 Qxa4+ 82.Rb4 Qc6+ 83.Kb3 Kf3 84.Rc4 Qb5+ 85.Kc3 Ke3
86.Rb4 Qd3+ 87.Kb2 Kd2 88.Rb3 Qc2+ 89.Ka3 Qc5+ 90.Ka2 Kc2 91.Rb2+ Kc3 92.Rb3+ Kc4
93.Rb2 Qa5+ 94.Kb1 Qf5+ 95.Ka2 Qd3 96.Rb1 Qc2+ 97.Rb2 Qa4+ 98.Kb1 Kc3 99.Kc1 Qa3  0-1

[Event "29th Politiken Cup"]
[Site "Copenhagen DEN"]
[Date "2007.07.29"]
[Round "10"]
[White "Struch,T"]
[Black "Hirneise,T"]
[Result "1/2-1/2"]
[WhiteElo "2084"]
[BlackElo "2293"]

1.e4 c5 2.c3 Nf6 3.e5 Nd5 4.d4 cxd4 5.cxd4 d6 6.Nf3 Nc6 7.Bc4 Nb6 8.Bb5 dxe5
9.Nxe5 Bd7 10.Nxd7 Qxd7 11.Nc3 e6 12.O-O Be7 13.Qg4 O-O 14.Bxc6 bxc6 15.Bh6 Bf6
16.Rfd1 Kh8 17.Ne4 Qe7 18.Bg5 Bxg5 19.Qxg5 Qxg5 20.Nxg5 Kg8 21.Nf3 f6 22.Rac1 Rac8
23.Rc5 Nd5 24.a3 Rfd8 25.g3 Kf7 26.Rdc1 Ne7 27.h4 Rd5 28.Kf1 Ke8 29.b4 Kd7
30.Ke2 Ra8 31.Rxd5+ cxd5 32.Rc5 Nc6 33.Kd3 Kd6 34.Nd2 a5 35.b5 Ne7  1/2-1/2